<?xml version="1.0" encoding="UTF-8"?>
<collection xmlns="http://www.loc.gov/MARC21/slim">
 <record>
  <leader>00468pamaa2200145   4500</leader>
  <controlfield tag="001">0000035178</controlfield>
  <controlfield tag="005">20090211090000.0</controlfield>
  <datafield tag="090" ind1="0" ind2="0">
   <subfield code="a">PN1995.9.A5 </subfield>
   <subfield code="b">PAL</subfield>
  </datafield>
  <datafield tag="100" ind1="1" ind2="0">
   <subfield code="a">PALMER </subfield>
  </datafield>
  <datafield tag="245" ind1="1" ind2="0">
   <subfield code="a">Iron will : </subfield>
   <subfield code="b">(1-2)  </subfield>
   <subfield code="c">Patrick Palmer and Robert Schwartz [</subfield>
   <subfield code="m">video CD].</subfield>
  </datafield>
  <datafield tag="260" ind1="0" ind2="0">
   <subfield code="a">United States: </subfield>
   <subfield code="b">Walt Disney Pictures, </subfield>
   <subfield code="c">[199?].</subfield>
  </datafield>
  <datafield tag="300" ind1=" " ind2=" ">
   <subfield code="a">1 video CD (1of 2, 2 of 2) (120 mins.): </subfield>
   <subfield code="b">sd.,col..</subfield>
  </datafield>
  <datafield tag="650" ind1="0" ind2="0">
   <subfield code="a">Motion picture (English) </subfield>
  </datafield>
  <datafield tag="700" ind1="1" ind2="0">
   <subfield code="a">Haid, </subfield>
   <subfield code="h">Charles </subfield>
  </datafield>
  <datafield tag="700" ind1="1" ind2="0">
   <subfield code="a">Schwartz, </subfield>
   <subfield code="h">Robert </subfield>
  </datafield>
 </record>
</collection>
